Predvídanie predaja
Predaj je základným východiskom trhovej ekonomiky. Najstaršia marketingová a obchodná funkcia podniku. Úloha predajcu a očakávania zákazníka. Predvídanie a jeho dôležitosť v oblasti predaja. Metódy použité v oblasti plánovania a aktivít predaja.
Na minha lista:
| Autor principal: | |
|---|---|
| Formato: | Capítulo de Livro |
| Idioma: | eslovaco |
| Assuntos: | |
| Tags: |
Sem tags, seja o primeiro a adicionar uma tag!
|
MARC
| LEADER | 00000naa$a2200000$$$4500 | ||
|---|---|---|---|
| 001 | 0115759 | ||
| 005 | 20240502072305.9 | ||
| 041 | 0 | |a slo | |
| 044 | |a SK | ||
| 245 | 1 | 0 | |a Predvídanie predaja |c Nikoleta Krecháčová |
| 520 | |a Predaj je základným východiskom trhovej ekonomiky. Najstaršia marketingová a obchodná funkcia podniku. Úloha predajcu a očakávania zákazníka. Predvídanie a jeho dôležitosť v oblasti predaja. Metódy použité v oblasti plánovania a aktivít predaja. | ||
| 610 | 2 | 0 | |a technika predaja |
| 610 | 2 | 0 | |a technika obchodná |
| 610 | 2 | 0 | |a plánovanie |
| 610 | 2 | 0 | |a nákup |
| 610 | 2 | 0 | |a predaj |
| 610 | 2 | 0 | |a riadenie predaja |
| 610 | 2 | 0 | |a marketing |
| 610 | 2 | 0 | |a trh |
| 610 | 2 | 0 | |a ceny |
| 100 | 1 | |a Krecháčová, Nikoleta | |